Vista normal Vista MARC

Entrada Meeting Name

Número de registros utilizados en: 1

001 - CONTROL NUMBER

  • control field: 40704

003 - CONTROL NUMBER IDENTIFIER

  • control field: OSt

005 - DATE AND TIME OF LATEST TRANSACTION

  • control field: 20210922140426.0

008 - FIXED-LENGTH DATA ELEMENTS

  • fixed length control field: 210922|| aca||aabn | a|a d

040 ## - CATALOGING SOURCE

  • Original cataloging agency: OSt
  • Transcribing agency: OSt

111 ## - HEADING--MEETING NAME

  • Meeting name or jurisdiction name as entry element: United Nations Conference on Trade And Development
  • Date of meeting or treaty signing: (2002 :
  • Location of meeting: New York)

670 ## - SOURCE DATA FOUND

  • Source citation: Work cat.: (OSt)8598: 17739, Economic developmente in Africa : , 2002